The practical art of diagnostic interviewing (Record no. 82105)
[ view plain ]
| 000 -LEADER | |
|---|---|
| fixed length control field | 01059nam a2200217 a 4500 |
| 008 - FIXED-LENGTH DATA ELEMENTS--GENERAL INFORMATION | |
| fixed length control field | 120416s1983 ||||||||||||||||| || u |
| 020 ## - INTERNATIONAL STANDARD BOOK NUMBER | |
| International Standard Book Number | 0870943677 |
| 050 ## - LIBRARY OF CONGRESS CALL NUMBER | |
| Classification number | RC 480.7 Pas |
| 100 ## - MAIN ENTRY--PERSONAL NAME | |
| Personal name | Pascal, Gerald Ross |
| 245 14 - TITLE STATEMENT | |
| Title | The practical art of diagnostic interviewing |
| 260 ## - PUBLICATION, DISTRIBUTION, ETC. | |
| Place of publication, distribution, etc. | Homewood, Ill. : |
| Name of publisher, distributor, etc. | Dow Jones-Irwin |
| Date of publication, distribution, etc. | 1983 |
| 300 ## - PHYSICAL DESCRIPTION | |
| Extent | vii, 124 p. : ill. |
| 350 ## - | |
| -- | 0.00 |
| 490 ## - | |
| -- | The Dorsey professional series |
| 500 ## - GENERAL NOTE | |
| General note | Bibliography. |
| 650 ## - SUBJECT ADDED ENTRY--TOPICAL TERM | |
| Topical term or geographic name entry element | Interviewing in mental health |
| 650 ## - SUBJECT ADDED ENTRY--TOPICAL TERM | |
| Topical term or geographic name entry element | Psychology, Pathological - Diagnosis |
| 995 ## - | |
| -- | ANNEX COLLECTION (Main Library) |
| -- | 0.00 |
| -- | 713746 |
| -- | CBU-MAIN LIBRARY (Kitwe) |
| -- | 1 |
| -- | 17.95 |
| -- | RC 480.7 Pas |
| -- | 1 |
| -- | AVAILABLE |
| -- | Apr 19, 2007 |
| -- | 013155 |
| -- | Annex Low-Usage Collection |
| 995 ## - | |
| -- | TEXTBOOKS (SB) |
| -- | 0.00 |
| -- | 1105 |
| -- | CBU-SCHOOL TEXTBOOK COLLECTIONS |
| -- | 1 |
| -- | 0.00 |
| -- | SCHOOL TEXTBOOK |
| -- | 3 |
| -- | AVAILABLE |
| -- | Sep 14, 2009 |
| -- | 1105 |
| -- | School Collections |
| 995 ## - | |
| -- | ANNEX COLLECTION (Main Library) |
| -- | 0.00 |
| -- | 713745 |
| -- | CBU-MAIN LIBRARY (Kitwe) |
| -- | 2 |
| -- | 17.95 |
| -- | RC 480.7 Pas |
| -- | 2 |
| -- | AVAILABLE |
| -- | Apr 19, 2007 |
| -- | 013154 |
| -- | Annex Low-Usage Collection |
| 999 ## - | |
| -- | 82105 |
| -- | 82105 |
| Withdrawn status | Lost status | Source of classification or shelving scheme | Damaged status | Not for loan | Permanent Location | Current Location | Shelving location | Date acquired | Total Checkouts | Full call number | Barcode | Date last seen | Copy number | Price effective from | Koha item type |
|---|---|---|---|---|---|---|---|---|---|---|---|---|---|---|---|
| CBU-MAIN LIBRARY, KITWE. | CBU-MAIN LIBRARY, KITWE. | 09/12/2023 | RC 480.7 Pas | 013155 | 09/12/2023 | 1 | 09/12/2023 | MONOGRAPH | |||||||
| CBU-MAIN LIBRARY, KITWE. | CBU-MAIN LIBRARY, KITWE. | 09/12/2023 | RC 480.7 Pas | 013154 | 09/12/2023 | 3 | 09/12/2023 | MONOGRAPH | |||||||
| CBU-SCHOOL TEXT BOOK COLLECTION | CBU-SCHOOL TEXT BOOK COLLECTION | 09/12/2023 | SCHOOL TEXTBOOK | 1105 | 09/12/2023 | 2 | 09/12/2023 | MONOGRAPH |